| 000 | 00755nam a2200277Ia 4500 | ||
|---|---|---|---|
| 001 | Z_5772 | ||
| 003 | CHAP | ||
| 008 | 220113sc200 xx 000 0 und d | ||
| 010 | _a168879 | ||
| 020 | _a970-36-0025-5 | ||
| 040 | _cCHAP | ||
| 082 | _a581.634 P53 | ||
| 245 |
_aLas plantas medicinales y las ciencias una visión multidisciplinaria / _ccoordinador José Waizel Bucay |
||
| 260 |
_aMéxico : _bInstituto Politécnico Nacional, _cc200 |
||
| 300 | _a587 p. | ||
| 503 | _aeje.1: , ej.2: C/E reposición | ||
| 504 | _aIncluye bibliografía | ||
| 650 |
_aBotánica _xMédica _9143160 |
||
| 700 |
_aI. Waizel Bucay, José _9143161 |
||
| 901 | _a581.634 P53 | ||
| 902 | _aM | ||
| 910 | _ac200 | ||
| 942 | _c1 | ||
| 942 | _cc1 | ||
| 999 |
_c168879 _d168879 |
||